| 000 | 00473nam a2200181Ia 4500 | ||
|---|---|---|---|
| 001 | 7783 | ||
| 005 | 20260306160520.0 | ||
| 008 | 260306t2007||||xx |||||||||||||| ||spa|| | ||
| 041 | _aESP | ||
| 082 |
_a362.1 _bS91 |
||
| 100 |
_aSulmasy, Daniel P. _eAUT |
||
| 245 | 4 |
_aThe rebirth of the clinic : _ban introduction to spirituality in health care |
|
| 260 | _c2007 | ||
| 300 |
_axvi, 246 páginas : _c23 cm. |
||
| 650 | _aGEN | ||
| 654 | _aCPS | ||
| 942 |
_cLIB _dJUS _fJUS _2ddc _n |
||
| 999 |
_c7783 _d7783 |
||